Proyecto de Código de Marina

Αποθηκεύτηκε σε:
Λεπτομέρειες βιβλιογραφικής εγγραφής
Μορφή: Βιβλίο
Γλώσσα:Ισπανικά
Έκδοση: Valparaíso Imprenta Del Deber 1878
Θέματα:
Ετικέτες: Προσθήκη ετικέτας
Δεν υπάρχουν, Καταχωρήστε ετικέτα πρώτοι!

MARC

LEADER 00000cam a2200000 a 4500
001 UCF8848
003 CL-VaPUC
008 131011e18780000cl |||||||||||||||||spa|d
082 0 4 |a 345.83  |b PRO  |2 21 
245 1 0 |a Proyecto de Código de Marina 
300 |a 501 p 
942 |c BK 
945 |d 20131011 10:45:00  |a cmena 
260 |a Valparaíso  |b Imprenta Del Deber  |c 1878 
600 0 |a Armada de Chile  |9 340497 
650 0 |a Fuerzas Armadas  |9 255504 
650 0 |a Jurisprudencia  |9 255952 
650 7 |a PERSONAL MARITIMO  |2 CL-VaPUC  |9 368600 
650 7 |a PROYECTOS DE LEY  |2 CL-VaPUC  |9 388710 
583 |a last modification  |c 20131011 10:45:00  |k Rodrigo Vera 
999 |c 353379  |d 353377 
952 |0 0  |1 0  |2 ddc  |3 erd  |4 0  |5 1  |6 345_830000000000000_PRO_1878  |7 1  |8 C_LRYV  |9 458533  |a FDOBRV  |b BIBDER  |d 2019-11-23  |i 5020328  |o 345.83 PRO 1878  |p 5020328  |r 2023-01-25  |w 2019-11-23  |y BK_X  |z Catalogado en:20131011  |k BRV